Countries Most Similar To Saudi Arabia - Statistics

General Stats
  • This quiz has been taken 132 times
  • The average score is 15 of 20
Answer Stats
Rank Country Score % Correct
1 Oman 82.7
95%
2 UAE 79.7
93%
4 Qatar 79.3
92%
9 Iraq 73
90%
16 Iran 63.9
89%
6 Bahrain 77.3
86%
3 Kuwait 79.7
86%
12 Yemen 69.7
86%
5 Jordan 78.2
82%
10 Syria 70.9
81%
8 Egypt 74.3
79%
11 Algeria 70.3
78%
18 Lebanon 62.6
77%
15 Morocco 66.8
76%
7 Libya 76.1
73%
19 Sudan 61.6
70%
13 Tunisia 68.2
68%
14 Palestine 67.8
59%
17 Mauritania 63.7
49%
20 Djibouti 58.3
27%
No matching quizzes found
Score Distribution
Percent of People with Each Score
Percentile by Number Answered
Your Score History
You have not taken this quiz